000
00144 a2200073 4500
020
_a
1869047893
082
_a
0940059061
245
_a
WEDLOOP NA GELUK
999
_c
787522
_d
787521
942
_w
13411
_x
Bongani Makatu
_y
13411
_z
Bongani Makatu